Riconosci la Squadra dai Trofei - Quiz n°2 - Statistics

Statistiche generali
  • Questo quiz è stato fatto 26 volte
  • Il punteggio medio è 10 su 15
Statistiche sulle risposte
Competizioni nazionali Competizioni internazionali Squadra % Corretto
Campionato inglese: 9
1936-1937, 1967-1968, 2011-2012, 2013-2014, 2017-2018, 2018-2019, 2020-2021, 2021-2022, 2022-2023
Coppa d'Inghilterra: 7
1903-1904, 1933-1934, 1955-1956, 1968-1969, 2010-2011, 2018-2019, 2022-2023
Coppa di Lega inglese: 8
1969-1970, 1975-1976, 2013-2014, 2015-2016, 2017-2018, 2018-2019, 2019-2020, 2020-2021
Charity/Community Shield: 6
1937, 1968, 1972, 2012, 2018, 2019
UEFA Champions League: 1
2022-2023
Coppa delle Coppe: 1
1969-1970
Supercoppa UEFA: 1
2023
Manchester City
100%
Campionato francese: 11 1985-1986, 1993-1994, 2012-2013, 2013-2014, 2014-2015, 2015-2016, 2017-2018, 2018-2019, 2019-2020, 2021-2022, 2022-2023 Coppa di Francia: 14 1981-1982, 1982-1983, 1992-1993, 1994-1995, 1997-1998, 2003-2004, 2005-2006, 2009-2010, 2014-2015, 2015-2016, 2016-2017, 2017-2018, 2019-2020, 2020-2021 Coppa di Lega francese: 9 1994-1995, 1997-1998, 2007-2008, 2013-2014, 2014-2015, 2015-2016, 2016-2017, 2017-2018, 2019-2020 Supercoppa francese: 11 1995, 1998, 2013, 2014, 2015, 2016, 2017, 2018, 2019, 2020, 2022 Coppa delle Coppe: 1
1995-1996
Coppa Intertoto UEFA: 1
2001
Paris Saint-Germain
100%
Campionato italiano: 36
1905; 1925-1926; 1930-1931; 1931-1932; 1932-1933; 1933-1934; 1934-1935; 1949-1950; 1951-1952; 1957-1958
1959-1960; 1960-1961; 1966-1967; 1971-1972; 1972-1973; 1974-1975; 1976-1977; 1977-1978; 1980-1981; 1981-1982
1983-1984; 1985-1986; 1994-1995; 1996-1997; 1997-1998; 2001-2002; 2002-2003; 2011-2012; 2012-2013; 2013-2014
2014-2015; 2015-2016; 2016-2017; 2017-2018; 2018-2019; 2019-2020
Coppa Italia: 14
1937-1938; 1941-1942; 1958-1959; 1959-1960; 1964-1965; 1978-1979; 1982-1983; 1989-1990; 1994-1995; 2014-2015
2015-2016; 2016-2017; 2017-2018; 2020-2021
Supercoppa italiana: 9 1995; 1997; 2002; 2003; 2012; 2013; 2015; 2018; 2020
Coppa dei Campioni/UEFA Champions League: 2
1984-1985; 1995-1996
Coppa delle Coppe: 1
1983-1984
Coppa UEFA: 3
1976-1977; 1989-1990; 1992-1993
Supercoppa UEFA: 2
1984; 1996
Coppa Intercontinentale: 2
1985; 1996
Coppa Intertoto UEFA: 1 1999
Juventus
86%
Campionato italiano: 3
1986-1987, 1989-1990, 2022-2023
Coppa Italia: 6
1961-1962, 1975-1976, 1986-1987, 2011-2012, 2013-2014, 2019-2020
Supercoppa italiana: 2
1990, 2014
Coppa UEFA: 1 1988-1989 Napoli
86%
Campionato portoghese: 30
1934-1935, 1938-1939, 1939-1940, 1955-1956, 1958-1959, 1977-1978, 1978-1979, 1984-1985, 1985-1986, 1987-1988, 1989-1990, 1991-1992, 1992-1993, 1994-1995, 1995-1996, 1996-1997, 1997-1998, 1998-1999, 2002-2003, 2003-2004, 2005-2006, 2006-2007, 2007-2008, 2008-2009, 2010-2011, 2011-2012, 2012-2013, 2017-2018, 2019-2020, 2021-2022
Coppa del Portogallo: 19
1955-1956, 1957-1958, 1967-1968, 1976-1977, 1983-1984, 1987-1988, 1990-1991, 1993-1994, 1997-1998, 1999-2000, 2000-2001, 2002-2003, 2005-2006, 2008-2009, 2009-2010, 2010-2011, 2019-2020, 2021-2022, 2022-2023
Supercoppa di Portogallo: 23 (record)
1981, 1983, 1984, 1986, 1990, 1991, 1993, 1994, 1996, 1998, 1999, 2001, 2003, 2004, 2006, 2009, 2010, 2011, 2012, 2013, 2018, 2020, 2022
Coppa di Lega portoghese: 1
2022-2023
Coppa Intercontinentale: 2 1987, 2004 Coppa dei Campioni/UEFA Champions League: 2 1986-1987, 2003-2004 Coppa UEFA/Europa League: 2 2002-2003, 2010-2011 Supercoppa UEFA: 1 1987 Porto
86%
Campionato spagnolo: 35
1931-1932; 1932-1933; 1953-1954; 1954-1955; 1956-1957; 1957-1958; 1960-1961; 1961-1962; 1962-1963; 1963-1964
1964-1965; 1966-1967; 1967-1968; 1968-1969; 1971-1972; 1974-1975; 1975-1976; 1977-1978; 1978-1979; 1979-1980
1985-1986; 1986-1987; 1987-1988; 1988-1989; 1989-1990; 1994-1995; 1996-1997; 2000-2001; 2002-2003; 2006-2007
2007-2008; 2011-2012; 2016-2017; 2019-2020; 2021-2022
Coppa di Spagna: 20
1905; 1906; 1907; 1908; 1917; 1934; 1936; 1946; 1947; 1961-1962
1969-1970; 1973-1974; 1974-1975; 1979-1980; 1981-1982; 1988-1989; 1992-1993; 2010-2011; 2013-2014; 2022-2023
Coppa della Liga: 1
1985
Supercoppa di Spagna: 12
1988; 1989; 1990; 1993; 1997; 2001; 2003; 2008; 2012; 2017
2020; 2022
Coppa dei Campioni/UEFA Champions League: 14
1955-1956; 1956-1957; 1957-1958; 1958-1959; 1959-1960; 1965-1966; 1997-1998; 1999-2000; 2001-2002; 2013-2014
2015-2016; 2016-2017; 2017-2018; 2021-2022
Coppa UEFA: 2
1984-1985; 1985-1986
Supercoppa UEFA: 5
2002; 2014; 2016; 2017; 2022
Coppa Intercontinentale: 3
1960; 1998; 2002
Coppa del mondo per club: 5 2014; 2016; 2017; 2018; 2022
Real Madrid
86%
Campionato tedesco: 8 1955-1956, 1956-1957, 1962-1963, 1994-1995, 1995-1996, 2001-2002, 2010-2011, 2011-2012 Coppa di Germania: 5 1964-1965, 1988-1989, 2011-2012, 2016-2017, 2020-2021 Supercoppa di Germania: 6 1989, 1995, 1996, 2013, 2014, 2019 UEFA Champions League: 1 1996-1997 Coppa delle Coppe: 1) 1965-1966 Coppa Intercontinentale: 1 1997 Borussia Dortmund
76%
Campionato sovietico: 1 1984
Coppa dell'URSS: 1
1944
Supercoppa dell'URSS: 1
1985
Campionato russo: 9
2007, 2010, 2011-2012, 2014-2015, 2018-2019, 2019-2020, 2020-2021, 2021-2022, 2022-2023
Coppa di Russia: 4
1998-1999, 2009-2010, 2015-2016, 2019-2020
Supercoppa di Russia: 8
2008, 2011, 2015, 2016, 2020, 2021, 2022, 2023
Coppa del campionato russo: 1
2003
Coppa UEFA: 1
2007-2008
Supercoppa UEFA: 1 2008
Zenit
76%
Campionato scozzese: 55
1890-1891, 1898-1899, 1899-1900, 1900-1901, 1901-1902, 1910-1911, 1911-1912, 1912-1913, 1917-1918, 1919-1920
1920-1921, 1922-1923, 1923-1924, 1924-1925, 1926-1927, 1927-1928, 1928-1929, 1929-1930, 1930-1931, 1932-1933
1933-1934, 1934-1935, 1936-1937, 1938-1939, 1946-1947, 1948-1949, 1949-1950, 1952-1953, 1955-1956, 1956-1957
1958-1959, 1960-1961, 1962-1963, 1963-1964, 1974-1975, 1975-1976, 1977-1978, 1986-1987, 1988-1989, 1989-1990
1990-1991, 1991-1992, 1992-1993, 1993-1994, 1994-1995, 1995-1996, 1996-1997, 1998-1999, 1999-2000, 2002-2003
2004-2005, 2008-2009, 2009-2010, 2010-2011, 2020-2021
Coppa di Scozia: 34
1893-1894, 1896-1897, 1897-1898, 1902-1903, 1927-1928, 1929-1930, 1931-1932, 1933-1934, 1934-1935, 1935-1936, 1947-1948, 1948-1949, 1949-1950, 1952-1953, 1959-1960, 1961-1962, 1962-1963, 1963-1964, 1965-1966, 1972-1973, 1975-1976, 1977-1978, 1978-1979, 1980-1981, 1991-1992, 1992-1993, 1995-1996, 1998-1999, 1999-2000, 2001-2002, 2002-2003, 2007-2008, 2008-2009, 2021-2022
Coppa di Lega scozzese: 27 1946-1947, 1948-1949, 1960-1961, 1961-1962, 1963-1964, 1964-1965, 1970-1971, 1975-1976, 1977-1978, 1978-1979, 1981-1982, 1983-1984, 1984-1985, 1986-1987, 1987-1988, 1988-1989, 1990-1991, 1992-1993, 1993-1994, 1996-1997, 1998-1999, 2001-2002, 2002-2003, 2004-2005, 2007-2008, 2009-2010, 2010-2011
Coppa delle Coppe: 1 1971-1972 Rangers
67%
Campionato turco: 23 (record)
1961-1962, 1962-1963, 1968-1969, 1970-1971, 1971-1972, 1972-1973, 1986-1987, 1987-1988, 1992-1993, 1993-1994, 1996-1997, 1997-1998, 1998-1999, 1999-2000, 2001-2002, 2005-2006, 2007-2008, 2011-2012, 2012-2013, 2014-2015, 2017-2018, 2018-2019, 2022-2023
Coppa di Turchia: 18 (record)
1962-1963, 1963-1964, 1964-1965, 1965-1966, 1972-1973, 1975-1976, 1981-1982, 1984-1985, 1990-1991, 1992-1993, 1995-1996, 1998-1999, 1999-2000, 2004-2005, 2013-2014, 2014-2015, 2015-2016, 2018-2019
Coppa del Presidente/Supercoppa di Turchia: 16 (record)
1966, 1969, 1972, 1982, 1987, 1988, 1991, 1993, 1996, 1997, 2008, 2012, 2013, 2015, 2016, 2019 Coppa del Cancelliere/Coppa del Primo ministro: 5 1974-1975, 1978-1979, 1985-1986, 1989-1990, 1994-1995
Coppa UEFA: 1
1999-2000
Supercoppa UEFA: 1 )
2000
Galatasaray
62%
Campionato sovietico: 13
1961, 1966, 1967, 1968, 1971, 1974, 1975, 1977, 1980, 1981, 1985, 1986, 1990
Coppa dell'URSS: 9
1954, 1964, 1965-1966, 1974, 1978, 1982, 1984-1985, 1986-1987, 1989-1990
Supercoppa dell'Unione Sovietica: 3
1981, 1986, 1987
Coppa della RSS Ucraina: 6
1937, 1938, 1944, 1946, 1947, 1948
Campionato ucraino: 16
1992-1993, 1993-1994, 1994-1995, 1995-1996, 1996-1997, 1997-1998, 1998-1999, 1999-2000, 2000-2001, 2002-2003, 2003-2004, 2006-2007, 2008-2009, 2014-2015, 2015-2016, 2020-2021
Coppa d'Ucraina: 13
1992-1993, 1995-1996, 1997-1998, 1998-1999, 1999-2000, 2002-2003, 2004-2005, 2005-2006, 2006-2007, 2013-2014, 2014-2015, 2019-2020, 2020-2021
Supercoppa d'Ucraina: 9 2004, 2006, 2007, 2009, 2011, 2016, 2018, 2019, 2020
Coppa delle Coppe: 2 1974-1975, 1985-1986 Supercoppa UEFA: 1 1975 Dinamo Kiev
57%
Campionato austriaco: 17
1993-1994, 1994-1995, 1996-1997, 2006-2007, 2008-2009, 2009-2010, 2011-2012, 2013-2014, 2014-2015, 2015-2016, 2016-2017, 2017-2018, 2018-2019, 2019-2020, 2020-2021, 2021-2022, 2022-2023
Coppa d'Austria: 9
2011-2012, 2013-2014, 2014-2015, 2015-2016, 2016-2017, 2018-2019, 2019-2020, 2020-2021, 2021-2022
Supercoppa d'Austria: 3
1994, 1995, 1997
Red Bull Salisburgo
52%
Campionato spagnolo: 8
1929-1930, 1930-1931, 1933-1934, 1935-1936, 1942-1943, 1955-1956, 1982-1983, 1983-1984
Coppa di Spagna: 23
(1901-1902), 1902-1903, 1903-1904, 1909-10, 1910-1911, 1913-1914, 1914-1915, 1915-1916, 1920-1921, 1922-1923, 1929-1930, 1930-1931, 1931-1932, 1932-1933, 1942-1943, 1943-1944, 1944-1945, 1949-1950, 1954-1955, 1955-1956, 1957-1958, 1968-1969, 1972-1973, 1983-1984
Supercoppa di Spagna: 3
1984, 2015, 2021
Athletic Bilbao
33%
Campionato jugoslavo: 11 1946-1947, 1948-1949, 1960-1961, 1961-1962, 1962-1963, 1964-1965, 1975-1976, 1977-1978, 1982-1983, 1985-1986, 1986-1987 Campionato serbo-montenegrino: 8 1992-1993, 1993-1994, 1995-1996, 1996-1997, 1998-1999, 2001-2002, 2002-2003, 2004-2005 Campionato serbo: 8 2007-2008, 2008-2009, 2009-2010, 2010-2011, 2011-2012, 2012-2013, 2014-2015, 2016-2017 Coppa Mitropa: 1 1977-1978 Partizan Belgrado
29%
Campionato tedesco: 5
1949-1950, 1951-1952, 1983-1984, 1991-1992, 2006-2007
Coppa di Germania: 3
1953-1954, 1957-1958, 1996-1997
Supercoppa di Germania: 1
1992
Coppa Intertoto UEFA: 2 (2000, 2002 Stoccarda
29%
Nessun quiz corrispondente trovato
Distribuzione punteggi
Percentuale di utenti per punteggio
Percentile per numero di risposta
I tuoi punteggi nel tempo
Non hai fatto questo quiz